Представление документа в формате RUSMARC

ПолеНазваниеЗначение
  Тип записи a
  Библиографический уровень a
001 Контрольный номер RU/CBS_UL/BASE/588526390
005 Дата корректировки 20240209175228.6
100 Данные общей обработки __
a Данные общей обработки 20180825d2018 ||| 0rusy0189 ca
101 Язык документа 0_
a Язык текста rus
102 Страна публикации __
a Страна публикации RU
105 Кодированные данные (монография) __
a Кодированные данные (монография) y###||||000|y
200 Заглавие и сведения об ответственности 1_
a Заглавие Парюра великой княжны Александры Павловны
b Общее обозначение материала Текст
e Сведения, относящиеся к заглавию [об истории экспоната Эрмитажа - свадебном украшении, связанном с трагической судьбой дочери Павла I Александры Павловны]
f Первые сведения об ответственности В. Файбисович
300 Общие примечания __
a Общие примечания Ограничения по возрасту - 12+
461 Уровень набора _0
1 2000
a Родина
463 Уровень физической единицы _0
1 001RU/CBS_UL/BASE/570551694
1 2000
a № 1
v С. 10-12 : ил.
1 210
d 2018
600 Персоналии _0
a Персоналии (Фамилия) Романова
b Персоналии (Имя, инициалы) А.П.
600 Персоналии _0
a Персоналии (Фамилия) Иосиф Австрийский
606 Тематические рубрики 0_
a Основная рубрика Романовы (семья) - Александра Павловна (великая княгиня; 1783 - 1801) - Биография
606 Тематические рубрики 0_
a Основная рубрика Государственный Эрмитаж (Санкт-Петербург, город) - Экспонаты
y Географическая подрубрика Санкт-Петербург, город
610 Ключевые слова 0_
a Ключевые слова история русская
a Ключевые слова российская история
a Ключевые слова история российская
a Ключевые слова биографии
a Ключевые слова личности исторические
a Ключевые слова исторические личности
a Ключевые слова царская семья
a Ключевые слова семья царская
a Ключевые слова великие княгини
a Ключевые слова придворные интриги
a Ключевые слова приданое
a Ключевые слова украшения свадебные
a Ключевые слова украшения ювелирные
a Ключевые слова камеи
a Ключевые слова Государственный Эрмитаж
a Ключевые слова раритеты
a Ключевые слова экспонаты
a Ключевые слова коллекции Эрмитажа
a Ключевые слова усыпальницы
686 Индексы других классификаций __
a Классификационный индекс 63.3(2)46
2 Код системы ББК
686 Индексы других классификаций __
a Классификационный индекс 85.101
2 Код системы ББК
700 Автор _1
a Фамилия Файбисович
b Имя (инициалы) В.
801 Источник записи _0
a Страна RU
b Организация МБУК ЦБС г. Ульяновска
c Дата составления 20180825
g Правила каталогизации RCR
801 Источник записи _1
a Страна RU
b Организация МБУК ЦБС г. Ульяновска
c Дата составления 20180825
g Правила каталогизации RCR
901 Тип документа __
t Тип документа b
w Контрольный № источника RU/CBS_UL/BASE/570551694
910 Корректоры записи __
a Корректор записи Библиотека 1
938 Служебная информация __
a Имя БД period